00608pab a2200193 454500008004000000100002000040245006000060260000900120300001300129362001100142650003900153650002800192700002200220773003400242908000600276909001000282999001700292952010500309180718b2008 xxu||||| |||| 00| 0 eng d aMalghan, Deepak aMaterial and moral foundations of India's Africa policy c2008 ap.21-24. a10 May aIndia - Foreign relations - Africa aInternational relations aSwaminathan, Hema aEconomic and Political Weekly aN a77975 c77975d77975 00104070aIIPAbIIPAd2018-07-19hVolume no: 43, Issue no: 19pAR78435r2018-07-19w2018-07-19yAR